Minutes of the first session of the fourteenth General Assembly of the Commonwealth of Pennsylvania : which commenced at Philadelphia, on Monday, the twenty-sixth day of October, in the year of our Lord one thousand seven hundred and eighty-nine.

Bibliographic Details
Corporate Author: Pennsylvania. General Assembly
Format: eBook
Language:English
Series:Early American imprints. Evans (1639-1800) ; no. 45556.
Early American imprints. Evans (1639-1800) ; no. 45958.
Early American imprints. Evans (1639-1800) ; no. 45959.
Online Access:Evans Digital Edition
Evans Digital Edition
Evans Digital Edition

MARC

Tag First Indicator Second Indicator Subfields
LEADER 00000cam a22000001a 4500
001 in00002168607
006 m e d #
007 cr mn mmmmabba
008 870914m17891790pau s 000 0 eng d
005 20260331160536.3
035 |z t140079 
035 |z t140080 
035 |z t140081 
035 |z w023402 
035 |a MAAR8709143904B 
035 |9 mwa91-46810 
035 |a 342848 
035 |a aas03023402 
040 |a MWA  |c MWA  |e bdrb  |d UtOrBLW 
110 1 |a Pennsylvania.  |b General Assembly. 
245 1 0 |a Minutes of the first session of the fourteenth General Assembly of the Commonwealth of Pennsylvania :  |b which commenced at Philadelphia, on Monday, the twenty-sixth day of October, in the year of our Lord one thousand seven hundred and eighty-nine. 
264 3 |a Philadelphia :  |b Printed by Hall and Sellers, in Market-street,  |c M,DCC,LXXXIX. [1789] 
300 |a 302 pages ;  |c (folio) 
336 |a text  |b txt  |2 rdacontent 
337 |a computer  |b c  |2 rdamedia 
338 |a online resource  |b cr  |2 rdacarrier 
500 |a Contains also the minutes of the second (Bristol B7450, Shipton & Mooney 45958) and third (Bristol B7451, Shipton & Mooney 45959) sessions, through Sept. 3, 1790. 
510 4 |a Bristol  |c B7024 
510 4 |a Shipton & Mooney  |c 45556 
510 4 |a Bristol  |c B7450 
510 4 |a Shipton & Mooney  |c 45958 
510 4 |a Bristol  |c B7451 
510 4 |a Shipton & Mooney  |c 45959 
530 |a Microform version available in the Readex Early American Imprints series. 
533 |a Electronic text and image data.  |b [Chester, Vt. :  |c Readex, a division of Newsbank, Inc.,  |d 2002-2004.  |e Includes files in TIFF, GIF and PDF formats with inclusion of keyword searchable text.  |f (Early American imprints. First series ; no. 45556). 
533 |a Electronic text and image data.  |b [Chester, Vt. :  |c Readex, a division of Newsbank, Inc.,  |d 2002-2004.  |e Includes files in TIFF, GIF and PDF formats with inclusion of keyword searchable text.  |f (Early American imprints. First series ; no. 45958). 
533 |a Electronic text and image data.  |b [Chester, Vt. :  |c Readex, a division of Newsbank, Inc.,  |d 2002-2004.  |e Includes files in TIFF, GIF and PDF formats with inclusion of keyword searchable text.  |f (Early American imprints. First series ; no. 45959). 
500 |a Electronic resource. 
752 |a United States  |b Pennsylvania  |d Philadelphia. 
830 0 |a Early American imprints.  |n Series I,  |p Evans (1639-1800) ;  |v no. 45556. 
830 0 |a Early American imprints.  |n Series I,  |p Evans (1639-1800) ;  |v no. 45958. 
830 0 |a Early American imprints.  |n Series I,  |p Evans (1639-1800) ;  |v no. 45959. 
856 4 1 |u http://proxy.library.tamu.edu/login?url=https://opac.newsbank.com/select/evans/45556  |y Evans Digital Edition  |t 0 
856 4 1 |u http://proxy.library.tamu.edu/login?url=https://opac.newsbank.com/select/evans/45958  |y Evans Digital Edition  |t 0 
856 4 1 |u http://proxy.library.tamu.edu/login?url=https://opac.newsbank.com/select/evans/45959  |y Evans Digital Edition  |t 0 
999 |a MARS 
999 f f |s 481764d3-5f8c-3d03-a131-32356dd9a2e6  |i dede3ee0-a0ef-3b6b-8c1e-a583663f628b  |t 0 
952 f f |a Texas A&M University  |b College Station  |c Electronic Resources  |s www_evans  |d Available Online  |t 0  |h No information provided 
998 f f |t 0  |l Available Online